Flagi w negatywie - Statystyki

Ogólne statystyki
  • Ten quiz został rozwiązany 13 razy
  • Średni wynik to 6 z 16
Statystyki odpowiedzi
Obrazkowy Odpowiedź % Poprawnych
Polska
90%
Niemcy
60%
Szwecja
60%
Włochy
50%
Bangladesz
40%
Dania
40%
Finlandia
40%
Francja
40%
Japonia
40%
Holandia
30%
Indonezja
30%
Litwa
30%
Rosja
30%
Węgry
30%
Luksemburg
10%
Mali
10%
Nie znaleziono quizów pasujących do podanych kryteriów
Rozkład punktacji
Procent ludzi z każdym wynikiem
Percentyl według liczby udzielonych odpowiedzi
Twoja historia wyników
Nie rozwiązałeś tego quizu